00221nam a2200097Ia 4500008004100000100000900041245002700050260002200077942000700099999001700106190216s9999||||xx |||||||||||||| ||und|| aBabu 0aMechanical Engineering bKerala Basha Inst cBK c37711d37711